Statistiken für 2. Größte Länder in Europa #2

Klicken Sie hier um das Quiz zu spielen!

Allgemein

  • Dieses Quiz wurde 34 mal gespielt
  • Das Durchschnittsergebnis liegt bei 6 aus 15

Antwortstatistiken

#Land#2.Größte Stadt% Korrekt
Niederlande
Rotterdam
100%
PortugalPorto
91%
PolenKrakau
82%
ÖsterreichSalzburg
82%
NorwegenBergen
79%
LitauenKaunas
38%
LuxemburgEsch
29%
LiechtensteinSchaan
24%
MonacoMonte Carlo
18%
RumänienTimisoara
12%
Moldau
Bălti
6%
LettlandDaugavpils
6%
NordmazedonienKumanovo
3%
MaltaMosta
0%
MontenegroNikšić
0%

Verteilung der Resultate

Perzentil nach korrekt beantworteten Fragen

Anzahl Personen mit jedem Resultat

Ihre Resultats-Entwicklung

Sie haben dieses Quiz noch nicht gespielt